000 00534nam a22001937a 4500
999 _c2645
_d2645
003 OSt
005 20230802153648.0
008 230802b ||||| |||| 00| 0 eng d
020 _a9789672868378
040 _cKH8
082 _a400 SYA
100 _aSyahril Othman,
_eauthor.
245 _aIGCSE Malay Reading Model Paper 2 Volume 5 /
_cSyahril Othman.
300 _a100 pages,
_billustrations.
440 _aIGCSE Malay Reading
_n2
_v5
651 _aMalaysia
_vMalay language
651 _aMalaysia
_vMalay grammar
942 _2ddc
_cTR